[Event "ROM-ch U10 Girls"]
[Site "Calimanesti"]
[Date "2015.04.06"]
[Round "9"]
[White "Sarga, Larisa Maria"]
[Black "Ciubancan, Denisa Andreea"]
[Result "1/2-1/2"]
[WhiteElo "1001"]
[BlackElo "1043"]
[PlyCount "26"]
[EventDate "2015.03.30"]
[EventType "swiss"]
[EventRounds "9"]
[EventCountry "ROU"]
[SourceTitle "CBM 165 Extra"]
[Source "ChessBase"]
[SourceDate "2015.04.21"]
[SourceVersion "1"]
[SourceVersionDate "2015.04.21"]
[SourceQuality "1"]

1. e4 e5 2. Nf3 Nc6 3. Bc4 Nf6 4. d3 d5 5. exd5 Nxd5 6. c3 Bg4 7. Nbd2 Nf4 8. Ne4 Nxg2+ 9. Kf1 Bh3 10. Kg1 Nf4 11. Bxf4 exf4 12. Nfg5 Qd7 13. Bxf7+ Kd8 1/2-1/2

[Event "ROM-ch U10 Girls"]
[Site "Calimanesti"]
[Date "2015.04.04"]
[Round "7"]
[White "Nicola, Anamaria Ioana"]
[Black "Ciubancan, Denisa Andreea"]
[Result "1-0"]
[WhiteElo "1545"]
[BlackElo "1043"]
[PlyCount "91"]
[EventDate "2015.03.30"]
[EventType "swiss"]
[EventRounds "9"]
[EventCountry "ROU"]
[SourceTitle "CBM 165 Extra"]
[Source "ChessBase"]
[SourceDate "2015.04.21"]
[SourceVersion "1"]
[SourceVersionDate "2015.04.21"]
[SourceQuality "1"]

1. d4 e6 2. c4 c5 3. e3 Nc6 4. Nf3 Nf6 5. Nc3 d5 6. Be2 b6 7. 0-0 Bd6 8. Bd2 a6 9. a4 0-0 10. Qb3 Nb4 11. Rac1 Ne4 12. cxd5 Nxc3 13. Bxc3 exd5 14. Bxb4 cxb4 15. Kh1 Be6 16. Bd3 a5 17. Qc2 g6 18. Qb3 Ra7 19. Rc2 Rc7 20. Rfc1 Qe7 21. Rxc7 Bxc7 22. Bb5 Rc8 23. Ba6 Rb8 24. Bb5 Bd6 25. Kg1 Rb7 26. Rd1 Rc7 27. h3 Qd8 28. Be2 Qc8 29. Rf1 Bf5 30. Qxd5 Rc6 31. Bb5 Rc1 32. Qxd6 Rxf1+ 33. Bxf1 Qc1 34. Ne5 Qxb2 35. Qxb6 b3 36. Qf6 Be6 37. Qd8+ Kg7 38. Qxa5 Qa1 39. Nd3 Bc4 40. Qb4 Bxd3 41. Qxb3 Qxf1+ 42. Kh2 Be4 43. f3 Bd3 44. a5 Be2 45. Qd5 Qf2 46. f4 1-0

[Event "ROM-ch U10 Girls"]
[Site "Calimanesti"]
[Date "2015.04.03"]
[Round "6"]
[White "Ciubancan, Denisa Andreea"]
[Black "Iorga, Maria Irina"]
[Result "1-0"]
[WhiteElo "1043"]
[BlackElo "1001"]
[PlyCount "59"]
[EventDate "2015.03.30"]
[EventType "swiss"]
[EventRounds "9"]
[EventCountry "ROU"]
[SourceTitle "CBM 165 Extra"]
[Source "ChessBase"]
[SourceDate "2015.04.21"]
[SourceVersion "1"]
[SourceVersionDate "2015.04.21"]
[SourceQuality "1"]

1. b3 e5 2. Bb2 Nc6 3. e3 d5 4. d4 exd4 5. exd4 Qe7+ 6. Be2 Nf6 7. Nf3 Bd7 8. Nc3 0-0-0 9. Qd2 Bg4 10. 0-0-0 Re8 11. Rhe1 Qd7 12. h3 Bxf3 13. Bxf3 Bb4 14. Kb1 Rhf8 15. Qd3 g6 16. g4 g5 17. Re2 Bxc3 18. Bxc3 a6 19. Rde1 Re7 20. Rxe7 Nxe7 21. Bb4 Re8 22. Ba3 c6 23. c4 dxc4 24. Qxc4 Neg8 25. Rd1 Qe6 26. d5 Qd7 27. dxc6 Qe6 28. cxb7+ Kb8 29. Bd6+ Qxd6 30. Rxd6 1-0

[Event "ROM-ch U10 Girls"]
[Site "Calimanesti"]
[Date "2014.04.08"]
[Round "3"]
[White "Ciubancan, Denisa Andreea"]
[Black "Nicola, Anamaria Ioana"]
[Result "0-1"]
[WhiteElo "1001"]
[BlackElo "1073"]
[PlyCount "90"]
[EventDate "2014.04.06"]
[EventType "swiss"]
[EventRounds "9"]
[EventCountry "ROU"]
[SourceTitle "CBM 160 Extra"]
[Source "ChessBase"]
[SourceDate "2014.07.01"]
[SourceVersion "1"]
[SourceVersionDate "2014.07.01"]
[SourceQuality "1"]

1. e4 c5 2. Nc3 e6 3. Nf3 Nc6 4. Bb5 g6 5. Bxc6 bxc6 6. 0-0 Bg7 7. Na4 d6 8. d3 Ne7 9. Ng5 0-0 10. Qf3 e5 11. Qg3 f6 12. Re1 fxg5 13. Bxg5 Bf6 14. Re3 Bxg5 15. Qxg5 Rf7 16. Qh6 Qf8 17. Qh4 Be6 18. Nc3 Rf4 19. Qg3 Rg4 20. Qh3 Qf7 21. Ne2 Rf4 22. Qg3 Rf6 23. Qh4 Rb8 24. b3 Rf8 25. Rf1 Bf5 26. Ng3 Be6 27. Ne2 Ra8 28. a3 a5 29. a4 Rd8 30. h3 d5 31. Nc3 d4 32. Re2 dxc3 33. Re3 Rb8 34. Rb1 Nc8 35. Re2 Nb6 36. Rf1 Qe7 37. Re3 Rf7 38. Qh6 Rf4 39. g3 Rff8 40. h4 Qf7 41. Re2 Bg4 42. f3 Bh3 43. Rfe1 Qxf3 44. Rf2 Qxf2+ 45. Kh1 Qg2# 0-1